| 000 | 00631cam a22001931 4500 | ||
|---|---|---|---|
| 001 | tmp96006241 | ||
| 003 | DLC | ||
| 005 | 20260227112754.0 | ||
| 008 | 031205s1933 mauab j 000 0 eng | ||
| 010 | _atmp96006241 | ||
| 040 |
_aDLC _cDLC _dDLC |
||
| 043 | _an-us--- | ||
| 050 | 0 | 0 |
_aE178.1 _b.L42 1933 |
| 100 | 1 |
_aLawler, Thomas Bonaventure, _d1864-1945. |
|
| 245 | 1 | 2 |
_aA primary history of the United States, _cby Thomas Bonaventure Lawler ... |
| 260 |
_aBoston, _aNew York [etc.] _bGinn and company _c[c1933] |
||
| 300 |
_av., 270, xxiv p. _bcol. front., illus., maps (part double) _c19 cm. |
||
| 651 | 0 |
_aUnited States _xHistory. |
|
| 999 |
_c91106 _d91106 |
||